Food science / (Record no. 5607)
[ view plain ]
| 000 -LEADER | |
|---|---|
| fixed length control field | 01005nam a2200325 4500 |
| 001 - CONTROL NUMBER | |
| control field | 3978587 |
| 005 - DATE AND TIME OF LATEST TRANSACTION | |
| control field | 20221103094404.0 |
| 006 - FIXED-LENGTH DATA ELEMENTS--ADDITIONAL MATERIAL CHARACTERISTICS--GENERAL INFORMATION | |
| fixed length control field | 000 |
| 007 - PHYSICAL DESCRIPTION FIXED FIELD--GENERAL INFORMATION | |
| fixed length control field | 000 |
| 008 - FIXED-LENGTH DATA ELEMENTS--GENERAL INFORMATION | |
| fixed length control field | 000 |
| 010 ## - LIBRARY OF CONGRESS CONTROL NUMBER | |
| LC control number | 95016000 |
| 020 ## - INTERNATIONAL STANDARD BOOK NUMBER | |
| International Standard Book Number | 0412064510 (alk. paper) |
| International Standard Book Number | 083421265X (cloth alk. paper) |
| International Standard Book Number | 9780834212657 |
| 040 ## - CATALOGING SOURCE | |
| Original cataloging agency | UOEL |
| Transcribing agency | DLC |
| Modifying agency | DLC |
| 050 00 - LIBRARY OF CONGRESS CALL NUMBER | |
| Classification number | TP370 |
| Item number | .P58 1998 |
| 082 00 - DEWEY DECIMAL CLASSIFICATION NUMBER | |
| Classification number | 664 |
| Edition number | 20 |
| 100 1# - MAIN ENTRY--PERSONAL NAME | |
| Personal name | Potter, Norman N. |
| 245 10 - TITLE STATEMENT | |
| Title | Food science / |
| Statement of responsibility, etc | Norman N. Potter, Joseph H. Hotchkiss. |
| 250 ## - EDITION STATEMENT | |
| Edition statement | 5th ed. |
| 260 ## - PUBLICATION, DISTRIBUTION, ETC. (IMPRINT) | |
| Place of publication, distribution, etc | New York : |
| Name of publisher, distributor, etc | Chapman & Hall, |
| Date of publication, distribution, etc | c1998. |
| 300 ## - PHYSICAL DESCRIPTION | |
| Extent | xiii, 608 p. : |
| Other physical details | ill. ; |
| Dimensions | 27 cm. |
| 440 #0 - SERIES STATEMENT/ADDED ENTRY--TITLE | |
| Title | Food science texts series |
| 504 ## - BIBLIOGRAPHY, ETC. NOTE | |
| Bibliography, etc | Includes bibliographical references and index. |
| 650 #0 - SUBJECT ADDED ENTRY--TOPICAL TERM | |
| Topical term or geographic name as entry element | Food industry and trade. |
| General subdivision | Chemical technology |
| 700 1# - ADDED ENTRY--PERSONAL NAME | |
| Personal name | Hotchkiss, Joseph H. |
| 906 ## - LOCAL DATA ELEMENT F, LDF (RLIN) | |
| a | 7 |
| b | cbc |
| c | orignew |
| d | 1 |
| e | ocip |
| f | 19 |
| g | y-gencatlg |
| 942 ## - ADDED ENTRY ELEMENTS (KOHA) | |
| Source of classification or shelving scheme | Library of Congress Classification |
| Item type | BOOK |
| Withdrawn status | Lost status | Source of classification or shelving scheme | Damaged status | Not for loan | Home library | Current library | Shelving location | Date acquired | Total Checkouts | Full call number | Barcode | Date last seen | Copy number | Price effective from | Koha item type | Date last borrowed | Source of acquisition | Cost, normal purchase price |
|---|---|---|---|---|---|---|---|---|---|---|---|---|---|---|---|---|---|---|
| Library of Congress Classification | UOE Main Library | UOE Main Library | Open shelf | 20/04/2015 | TP370 .P58 1995 | 20031562 | 20/04/2015 | 20031562 | 20/04/2015 | Loan - Normal on open shelf | ||||||||
| Library of Congress Classification | UOE Main Library | UOE Main Library | Open shelf | 15/04/2019 | TP370 .P58 1995 | 20155607 | 15/04/2019 | 20155607 | 15/04/2019 | Loan - Normal on open shelf | ||||||||
| Library of Congress Classification | UOE Main Library | UOE Main Library | Open shelf | 15/04/2019 | 2 | TP370 .P58 1995 | 20155608 | 18/10/2021 | 20155608 | 15/04/2019 | Loan - Normal on open shelf | 18/10/2021 | ||||||
| Library of Congress Classification | UOE Main Library | UOE Main Library | Short Loan Area | 15/04/2019 | TP370 .P58 1995 | 20155609 | 27/04/2026 | 20155609 | 15/04/2019 | Short Loan for 1 day | ||||||||
| Library of Congress Classification | UOE Main Library | UOE Main Library | Short Loan Area | 15/04/2019 | TP370 .P58 1995 | 20155610 | 27/04/2026 | 20155610 | 15/04/2019 | Short Loan for 1 day | ||||||||
| Library of Congress Classification | UOE Main Library | UOE Main Library | Open shelf | 14/10/2022 | TP370 .P58 1998 | 20159451 | 14/10/2022 | 20159451 | 14/10/2022 | Loan - Normal on open shelf | Donation | 11206.90 | ||||||
| Library of Congress Classification | UOE Main Library | UOE Main Library | Open shelf | 14/10/2022 | TP370 .P58 1998 | 20159452 | 14/10/2022 | 20159452 | 14/10/2022 | Loan - Normal on open shelf | Donation | 11206.90 | ||||||
| Library of Congress Classification | UOE Main Library | UOE Main Library | Open shelf | 14/10/2022 | TP370 .P58 1998 | 20159453 | 14/10/2022 | 20159453 | 14/10/2022 | Loan - Normal on open shelf | Donation | 11206.90 | ||||||
| Library of Congress Classification | UOE Main Library | UOE Main Library | Short Loan Area | 03/11/2022 | TP370 .P58 1998 | 20159474 | 27/04/2026 | 20159474 | 03/11/2022 | Short Loan for 1 day | Donation | |||||||
| Library of Congress Classification | UOE Town Campus | UOE Town Campus | Short Loan Area | 30/04/2019 | TP370 .P58 1995 | 20155606 | 30/04/2019 | 20155606 | 30/04/2019 | Short Loan for 1 day | ||||||||
| Library of Congress Classification | UOE Town Campus | UOE Town Campus | Short Loan Area | 11/02/2026 | TP370 .P58 1998 | 10034076 | 11/02/2026 | 10034076 | 11/02/2026 | Short Loan for 1 day |
